Inteligentné buovy na bývanie : Integrovaný prístup k návrhu inteligentných rodinných a bytových domov

Na minha lista:
Detalhes bibliográficos
Autor principal: Puškár, Branislav, 1981- (Author)
Formato: Livro
Publicado em: Bratislava : FA STU , 2008
Tags: Adicionar Tag
Sem tags, seja o primeiro a adicionar uma tag!

MARC

LEADER 00000nam a22000003a 4500
001 stu175472
005 20150617225557.9
008 081106s2008----------------------------d
040 |a STU  |b slo 
041 0
100 1 |a Puškár, Branislav,  |d 1981-  |4 aut  |u A1110  |9 100  |U FAD Fakulta architektúry  |T FA Ústav architektúry obytných budov  |X 5199  |U A1110  |Y 392  |7 A000005199 
245 1 |a Inteligentné buovy na bývanie :  |b Integrovaný prístup k návrhu inteligentných rodinných a bytových domov 
260 |a Bratislava :  |b FA STU ,  |c 2008 
300 |a 146 s